Perfekt - Statystyki

Ogólne statystyki
  • Ten quiz został rozwiązany 59 razy
    51 od ostatniego zresetowania
  • Średni wynik to 68 z 135
Statystyki odpowiedzi
Infinitiv Perfekt % Poprawnych
backen(piec) gebacken
100%
befehlen(rozkazywać) befohlen
50%
beginnen(zaczynać) begonnen
50%
betrügen(oszukiwać) betrogen
50%
beweisen(udowodnić) bewiesen
50%
bewegen(poruszać) bewogen
50%
bewerben sich(ubiegać się) beworben
50%
empfangen(przyjmować) empfangen
50%
empfehlen(polecać) empfohlen
50%
entscheiden(decydować) entschieden
50%
erschrecken(przestraszyć się) erschrocken
50%
bitten(prosić) gebeten
50%
beißen(gryźć) gebissen
50%
bleiben(zostawać) geblieben
50%
biegen(skęcać) gebogen
50%
gebären(rodzić) geboren
50%
bieten(oferować) geboten
50%
bringen(przynosić) gebracht
50%
brennen(płonąć) gebrannt
50%
braten(smażyć) gebraten
50%
brechen(łamać) gebrochen
50%
binden(wiązać) gebunden
50%
denken(myśleć) gedacht
50%
dürfen(mieć pozwolenie) gedurft
50%
fahren(jechać) gefahren
50%
fallen(upaść) gefallen
50%
fangen(łapać) gefangen
50%
fliegen(latać) geflogen
50%
fliehen(uciekać) geflohen
50%
fließen(płynąć) geflossen
50%
frieren(marznąć) gefroren
50%
finden(znajdować) gefunden
50%
gehen(iść) gegangen
50%
geben(dawać) gegeben
50%
essen(jeść) gegessen
50%
gleichen(zrównać) geglichen
50%
gelten(mieć ważność, odnosić się) gegolten
50%
gießen(podlewać) gegossen
50%
greifen(sięgać) gegriffen
50%
haben(mieć) gehabt
50%
halten(trzymać) gehalten
50%
hängen(wisieć) gehangen
50%
heißen(nazywać) geheißen
50%
heben(podnosić) gehoben
50%
helfen(pomagać) geholfen
50%
kennen(znać) gekannt
50%
klingen(brzmieć) geklungen
50%
kommen(przychodzić) gekommen
50%
können(móc) gekonnt
50%
laden(ładować) geladen
50%
lassen(pozwalać) gelassen
50%
laufen(biec) gelaufen
50%
liegen(kłaść) gelegen
50%
lesen(czytać) gelesen
50%
leihen(pożyczać) geliehen
50%
leiden(cierpieć) gelitten
50%
lügen(kłamać) gelogen
50%
gelingen(udać się) gelungen
50%
messen(mierzyć) gemessen
50%
meiden(unikać) gemieden
50%
mögen(lubić) gemocht
50%
müssen(musieć) gemusst
50%
nennen(nazywać) genannt
50%
nehmen(brać) genommen
50%
genießen(jeść, zażywać) genossen
50%
pfeifen(gwizdać) gepfiffen
50%
rennen(pędzić) gerannt
50%
raten(radzić) geraten
50%
reißen(rwać, drzeć) gerissen
50%
reiten(ujeżdżać) geritten
50%
riechen(wąchać,pachnieć) gerochen
50%
rufen(dzwonić) gerufen
50%
salzen(solić) gesalzen
50%
senden(wysyłać) gesandt
50%
schaffen(stworzyć) geschaffen
50%
geschehen(zdarzać się) geschehen
50%
scheiden(rozwodzić) geschieden
50%
scheinen(świecić) geschienen
50%
schlafen(spać) geschlafen
50%
schlagen(bić) geschlagen
50%
schließen(zamykać) geschlossen
50%
schmeißen(wyrzucać) geschmissen
50%
schmelzen(topić) geschmolzen
50%
schneiden(ciąć,kroić) geschnitten
50%
schieben(popychać) geschoben
50%
schießen(strzelać) geschossen
50%
schreiben(pisać) geschrieben
50%
schreien(krzyczeć) geschrien
50%
schweigen(milczeć) geschwiegen
50%
schwellen(puchnąć) geschwollen
50%
schwimmen(pływać) geschwommen
50%
schwören(przysięgać) geschworen
50%
sehen(widzieć) gesehen
50%
sitzen(siedzieć) gesessen
50%
sollen(mieć powinność) gesollt
50%
sprechen(mówić,rozmawiać) gesprochen
50%
springen(skakać) gesprungen
50%
stehen(stać) gestanden
50%
steigen(wspinać się) gestiegen
50%
stechen(kłuć) gestochen
50%
stehlen(kraść) gestohlen
50%
sterben(umierać) gestorben
50%
stoßen(popychać) gestoßen
50%
streichen(skreślać,malować) gestrichen
50%
streiten(kłócić się) gestritten
50%
singen(śpiewać) gesungen
50%
sinken(obniżyć się) gesunken
50%
tun(czynić) getan
50%
tragen(nosić) getragen
50%
treten(deptać) getreten
50%
treiben(pędzić) getrieben
50%
treffen(spotykać) getroffen
50%
trinken(pić) getrunken
50%
wachsen(rosnąć) gewachsen
50%
waschen(myć) gewaschen
50%
sein(być) gewesen
50%
wiegen(ważyć) gewogen
50%
wollen(chcieć) gewollt
50%
gewinnen(wygrywać) gewonnen
50%
werben(reklamować) geworben
50%
werden(stawać się) geworden
50%
werfen(rzucać) geworfen
50%
wissen(wiedzieć) gewusst
50%
ziehen(ciągnąć) gezogen
50%
zwingen(zmuszać) gezwungen
50%
unterbrechen(przerywać) unterbrochen
50%
unterschreiben(podpisywać) unterschrieben
50%
verderben(zep/suć się) verdorben
50%
vergessen(zapominać) vergessen
50%
vergleichen(porównać) verglichen
50%
verlieren(zgubić,przegrać) verloren
50%
vermeiden(uniknąć) vermieden
50%
verschwinden(znikać) verschwunden
50%
verzeihen(przebaczać) verziehen
50%
fressen(żreć) gefressen
0%
Nie znaleziono quizów pasujących do podanych kryteriów
Rozkład punktacji
Procent ludzi z każdym wynikiem
Percentyl według liczby udzielonych odpowiedzi
Twoja historia wyników
Nie rozwiązałeś tego quizu od ostatniego zresetowania